000 00733nam a22002417a 4500
001 52166
003 UA-OsUOA
005 20260428110104.0
007 ta
008 20080131b un ||||| |||| 00| 0 ukr d
040 _aUA-OsUOA
_bukr
_cUA-OsUOA
_dUA-OsUOA
041 _aukr
080 _a94(477.8)
090 _a94(477.8)
_bФ68
100 _aФілоненко П.
_925105
245 _aЗбройна боротьба на Волині
_bспомини учасника
_cП. Філоненко
260 _aКанада
_c1958
300 _a56 с.
650 7 _a94(477) Історія України
_2UDC
_919
942 _cBK
_2udc
955 _a2
999 _c338214
_d338214